Normal view
MARC view
- Fransis Celestina & Misra Kritika
Entry Personal Name
001 - CONTROL NUMBER
- control field: 180561
003 - CONTROL NUMBER IDENTIFIER
- control field: OSt
005 - DATE AND TIME OF LATEST TRANSACTION
- control field: 20230314162709.0
008 - FIXED-LENGTH DATA ELEMENTS
- fixed length control field: 230314|| aca||aabn | a|a d
040 ## - CATALOGING SOURCE
- Original cataloging agency: OSt
- Transcribing agency: OSt
100 ## - HEADING--PERSONAL NAME
- Personal name: Fransis Celestina & Misra Kritika
670 ## - SOURCE DATA FOUND
- Source citation: Work cat.: (OSt)143259: Fransis Celestina & Misra Kritika, Nursing Foundations for BSc Nursing Students, 2022